000
00322nam a2200133Ia 4500
003
OSt
008
191201s2015 xx 000 0 und d
100
_a
SURESH, Padmalatha
245
0
_a
Management of Banking and Financial Services
260
_a
N. Delhi
_b
Pearson
_c
2015
300
_a
683
650
_a
BBA
942
_2
ddc
_c
BK
999
_c
6460
_d
6460